The moon scroll / (Record no. 21448)
[ view plain ]
| 000 -LEADER | |
|---|---|
| fixed length control field | 02567nam a22003737a 4500 |
| 005 - DATE AND TIME OF LATEST TRANSACTION | |
| control field | 20090119160731.0 |
| 008 - FIXED-LENGTH DATA ELEMENTS--GENERAL INFORMATION | |
| fixed length control field | 090119t xxu||||| |||| 00| 0 eng d |
| 010 ## - LCCN (DPL NO) | |
| LC control number | B-357806 |
| 020 ## - INTERNATIONAL STANDARD BOOK NUMBER | |
| International Standard Book Number | 0439306086 |
| Terms of availability | 110.00 |
| 035 ## - SYSTEM CONTROL NUMBER | |
| System control number | B-357806 |
| 035 ## - SYSTEM CONTROL NUMBER | |
| System control number | B-345511-518 |
| 037 ## - SOURCE OF ACQUISITION | |
| Source of stock number/acquisition | Tarun Books |
| 040 ## - CATALOGING SOURCE | |
| Original cataloging agency | DPL |
| Language of cataloging | English |
| 082 ## - DEWEY DECIMAL CLASSIFICATION NUMBER | |
| Classification number | S |
| 100 ## - MAIN ENTRY--PERSONAL NAME | |
| Personal name | Abbott, Tony |
| 245 ## - TITLE STATEMENT | |
| Title | The moon scroll / |
| Statement of responsibility, etc | by Tony Abbott; illustrated by Tim Jessell |
| 260 ## - PUBLICATION, DISTRIBUTION, ETC. (IMPRINT) | |
| Place of publication, distribution, etc | New Delhi |
| Name of publisher, distributor, etc | Scholastic Inc. |
| Date of publication, distribution, etc | 2008(repr.). |
| 270 ## - ADDRESS | |
| Address | 557 Broadway |
| City | New York |
| Postal code | NY 10012 |
| 300 ## - PHYSICAL DESCRIPTION | |
| Extent | 129p.: |
| Other physical details | ill. |
| Dimensions | 19cm(pbk) |
| 490 ## - SERIES STATEMENT | |
| Series statement | The secrets of Droon |
| Volume number/sequential designation | 15 |
| 700 ## - ADDED ENTRY--PERSONAL NAME | |
| Personal name | Jessell, Tim |
| 942 ## - ADDED ENTRY ELEMENTS (KOHA) | |
| Source of classification or shelving scheme | Dewey Decimal Classification |
| Item type | Children Books |
| Classification part | S |
| Call number suffix | ABB |
| Withdrawn status | Lost status | Source of classification or shelving scheme | Damaged status | Not for loan | Collection code | Home library | Current library | Date acquired | Source of acquisition | Cost, normal purchase price | Total Checkouts | Full call number | Barcode | Date last seen | Copy number | Cost, replacement price | Koha item type | Total Renewals |
|---|---|---|---|---|---|---|---|---|---|---|---|---|---|---|---|---|---|---|
| Dewey Decimal Classification | Fiction | Central Library | Central Library | 29/09/2009 | Tarun Books/3947/21.5.09/13/23.4.09/4.7.09 | 110.00 | 1 | S ABB | B-345511 | 20/05/2023 | 1 | 110.00 | Children Books | 2 | ||||
| Dewey Decimal Classification | Fiction | Janak Puri | Janak Puri | 19/09/2009 | Tarun books/4121/9.9.09/89/2.9.09/11.9.09 | 110.00 | 1 | S ABB | B-357806 | 29/12/2009 | 1 | 110.00 | Children Books | |||||
| Dewey Decimal Classification | Fiction | Jor Bagh (Children Lib) | Jor Bagh (Children Lib) | 29/09/2009 | Tarun Books/3947/21.5.09/13/23.4.09/4.7.09 | 110.00 | S ABB | B-345515 | 29/09/2009 | 1 | 110.00 | Children Books | ||||||
| Dewey Decimal Classification | Fiction | Karol Bagh | Karol Bagh | 29/09/2009 | Tarun Books/3947/21.5.09/13/23.4.09/4.7.09 | 110.00 | S ABB | B-345517 | 29/09/2009 | 1 | 110.00 | Children Books | ||||||
| Dewey Decimal Classification | Fiction | Patel Nagar | Patel Nagar | 29/09/2009 | Tarun Books/3947/21.5.09/13/23.4.09/4.7.09 | 110.00 | S ABB | B-345512 | 29/09/2009 | 1 | 110.00 | Children Books | ||||||
| Dewey Decimal Classification | Fiction | Peshwa Road | Peshwa Road | 29/09/2009 | Tarun Books/3947/21.5.09/13/23.4.09/4.7.09 | 110.00 | 1 | S ABB | B-345513 | 06/03/2023 | 1 | 110.00 | Children Books | |||||
| Dewey Decimal Classification | Fiction | Sarojini Nagar | Sarojini Nagar | 29/09/2009 | Tarun Books/3947/21.5.09/13/23.4.09/4.7.09 | 110.00 | S ABB | B-345514 | 29/09/2009 | 1 | 110.00 | Children Books | ||||||
| Dewey Decimal Classification | Fiction | Shahdara Branch | Shahdara Branch | 29/09/2009 | Tarun Books/3947/21.5.09/13/23.4.09/4.7.09 | 110.00 | S ABB | B-345518 | 29/09/2009 | 1 | 110.00 | Children Books | ||||||
| Dewey Decimal Classification | Fiction | Vinoba Puri | Vinoba Puri | 29/09/2009 | Tarun Books/3947/21.5.09/13/23.4.09/4.7.09 | 110.00 | 8 | S ABB | B-345516 | 20/02/2021 | 1 | 110.00 | Children Books |
